Computers and bureaucratic reform : (Record no. 184758)
[ view plain ]
| 000 -LEADER | |
|---|---|
| fixed length control field | 01265 a2200217 4500 |
| 003 - CONTROL NUMBER IDENTIFIER | |
| control field | NUST |
| 005 - DATE AND TIME OF LATEST TRANSACTION | |
| control field | 20221221125209.0 |
| 010 ## - LIBRARY OF CONGRESS CONTROL NUMBER | |
| LC control number | 74009750 |
| 020 ## - INTERNATIONAL STANDARD BOOK NUMBER | |
| International Standard Book Number | 0471518409 |
| 040 ## - CATALOGING SOURCE | |
| Transcribing agency | Nust |
| 082 00 - DEWEY DECIMAL CLASSIFICATION NUMBER | |
| Classification number | 353.902854,LAU |
| 100 1# - MAIN ENTRY--PERSONAL NAME | |
| Personal name | Laudon, Kenneth C., |
| 9 (RLIN) | 18040 |
| 245 10 - TITLE STATEMENT | |
| Title | Computers and bureaucratic reform : |
| Remainder of title | the political functions of urban information systems / |
| Statement of responsibility, etc. | Kenneth C. Laudon. |
| 260 ## - PUBLICATION, DISTRIBUTION, ETC. | |
| Place of publication, distribution, etc. | New York, |
| Name of publisher, distributor, etc. | Wiley |
| Date of publication, distribution, etc. | [1974] |
| 300 ## - PHYSICAL DESCRIPTION | |
| Extent | xv, 325 p.; |
| Dimensions | 24 cm. |
| 505 ## - FORMATTED CONTENTS NOTE | |
| Formatted contents note | Technology and Bureaucratic Reform (Page-3), Computers: Hardware, Software and Technology (Page-17), Bureaucratic Change and Technology (Page-23), The Context of Bureaucratic Reform in the 1906s (Page-35), Bureaucratic Innovation and Bureaucratic Reform (Page-57),Toward a Morphology of Bureaucratic Reform (Page-62),Total Efficiency in Western Country (Page-), A Police Regional Information Systems (Page-174), An Emerging Sate Department of Justice (Page-222), Criminal Information Network of Western State (Page-276), Conclusion (Page-301). |
| 650 #0 - SUBJECT ADDED ENTRY--TOPICAL TERM | |
| Topical term or geographic name entry element | Local government |
| Geographic subdivision | United States |
| General subdivision | Case studies. |
| 9 (RLIN) | 105546 |
| 650 #0 - SUBJECT ADDED ENTRY--TOPICAL TERM | |
| Topical term or geographic name entry element | Public administration |
| General subdivision | Data processing. |
| 9 (RLIN) | 105547 |
| 650 #0 - SUBJECT ADDED ENTRY--TOPICAL TERM | |
| Topical term or geographic name entry element | State governments |
| Geographic subdivision | United States |
| General subdivision | Case studies. |
| 9 (RLIN) | 105548 |
| 942 ## - ADDED ENTRY ELEMENTS (KOHA) | |
| Source of classification or shelving scheme | |
| Koha item type | Book |
| Call number prefix | 353.902854,LAU |
| Withdrawn status | Lost status | Source of classification or shelving scheme | Damaged status | Not for loan | Permanent Location | Current Location | Shelving location | Date acquired | Full call number | Barcode | Date last seen | Price effective from | Koha item type | Public note | Total Checkouts |
|---|---|---|---|---|---|---|---|---|---|---|---|---|---|---|---|
| Military College of Signals (MCS) | Military College of Signals (MCS) | General Stacks | 12/12/2016 | 353.902854,LAU | MCS259 | 12/08/2016 | 12/12/2016 | Book | Almirah No.50, Shelf No.6 | ||||||
| Military College of Signals (MCS) | Military College of Signals (MCS) | General Stacks | 12/21/2022 | 353.902854,LAU | MCS257 | 12/21/2022 | 12/21/2022 | Book | Almirah No.50, Shelf No.6 |
